Catálogo
 En Linea

Premios Tiflos de poesía (escritores ciegos) : (Registro nro. 22996)

Detalles MARC
000 -CABECERA
campo de control de longitud fija 00791nam a2200205 a 4500
001 - NÚMERO DE CONTROL
campo de control 000023500
005 - FECHA Y HORA DE LA ÚLTIMA TRANSACCIÓN
campo de control 20200930022249.0
008 - DATOS DE LONGITUD FIJA--INFORMACIÓN GENERAL
campo de control de longitud fija 101209s1995 sp r 000 p spa d
020 ## - NÚMERO INTERNACIONAL ESTÁNDAR DEL LIBRO
Número Internacional Estándar del Libro 8487277918
040 ## - FUENTE DE LA CATALOGACIÓN
Centro catalogador/agencia de origen DO-SdBNP
Lengua de catalogación spa
Centro/agencia transcriptor BNPHU
082 ## - NÚMERO DE LA CLASIFICACIÓN DECIMAL DEWEY
Número de clasificación 868.99
Número de documento/Ítem P925t
245 00 - MENCIÓN DE TÍTULO
Título Premios Tiflos de poesía (escritores ciegos) :
Resto del título antología 1986-1993 /
Mención de responsabilidad, etc. edición al cuidado de Ángel García López y Vicenta Blanco Ferrero; prólogo de José Hierro.
260 ## - PUBLICACIÓN, DISTRIBUCIÓN, ETC.
Lugar de publicación, distribución, etc. Madrid, (España) :
Nombre del editor, distribuidor, etc. Organización Nacional de Ciegos Españoles,
Fecha de publicación, distribución, etc. 1995.
300 ## - DESCRIPCIÓN FÍSICA
Extensión 147 p. ;
Dimensiones 18 cm.
650 #4 - PUNTO DE ACCESO ADICIONAL DE MATERIA--TÉRMINO DE MATERIA
Término de materia o nombre geográfico como elemento de entrada Poesía hispañoamericanos
9 (RLIN) 48426
650 #4 - PUNTO DE ACCESO ADICIONAL DE MATERIA--TÉRMINO DE MATERIA
Término de materia o nombre geográfico como elemento de entrada Poesía amorosa
9 (RLIN) 9227
700 1# - PUNTO DE ACCESO ADICIONAL--NOMBRE DE PERSONA
Nombre de persona López , García
Numeración ed.
9 (RLIN) 48427
700 1# - PUNTO DE ACCESO ADICIONAL--NOMBRE DE PERSONA
Nombre de persona Blanco Ferrero, Vicenta
Término indicativo de función/relación ed.
9 (RLIN) 48428
700 1# - PUNTO DE ACCESO ADICIONAL--NOMBRE DE PERSONA
Nombre de persona Hierro, José
Término indicativo de función/relación pról.
9 (RLIN) 48429
Existencias
Estado de retiro Estado de pérdida Restricciones de uso No para préstamo Código de colección Localización permanente Ubicación/localización actual Ubicación en estantería Fecha de adquisición Número de inventario Total de préstamos Signatura topográfica completa Código de barras Fecha visto por última vez Precio válido a partir de Tipo de ítem Koha
        Monografías: Libros y Folletos General General En catalogación 09.12.2010 LF1   868.99 P925t 23500-10 25.06.2020 25.06.2020 Préstamo en sala

Con tecnología Koha